<?xml version="1.0" encoding="UTF-8"?><?xml-stylesheet type="text/xsl" href="static/style.xsl"?><OAI-PMH xmlns="http://www.openarchives.org/OAI/2.0/" xmlns:xsi="http://www.w3.org/2001/XMLSchema-instance" xsi:schemaLocation="http://www.openarchives.org/OAI/2.0/ http://www.openarchives.org/OAI/2.0/OAI-PMH.xsd"><responseDate>2026-04-17T00:46:49Z</responseDate><request verb="GetRecord" identifier="oai:www.recercat.cat:2445/33778" metadataPrefix="marc">https://recercat.cat/oai/request</request><GetRecord><record><header><identifier>oai:recercat.cat:2445/33778</identifier><datestamp>2025-12-04T19:02:33Z</datestamp><setSpec>com_2072_1057</setSpec><setSpec>col_2072_478777</setSpec><setSpec>col_2072_478917</setSpec></header><metadata><record xmlns="http://www.loc.gov/MARC21/slim" xmlns:dcterms="http://purl.org/dc/terms/" xmlns:xsi="http://www.w3.org/2001/XMLSchema-instance" xmlns:doc="http://www.lyncode.com/xoai" xsi:schemaLocation="http://www.loc.gov/MARC21/slim http://www.loc.gov/standards/marcxml/schema/MARC21slim.xsd">
   <leader>00925njm 22002777a 4500</leader>
   <datafield ind2=" " ind1=" " tag="042">
      <subfield code="a">dc</subfield>
   </datafield>
   <datafield ind2=" " ind1=" " tag="720">
      <subfield code="a">Castellarnau Castella, Conxita de</subfield>
      <subfield code="e">author</subfield>
   </datafield>
   <datafield ind2=" " ind1=" " tag="720">
      <subfield code="a">Martín, Mercè</subfield>
      <subfield code="e">author</subfield>
   </datafield>
   <datafield ind2=" " ind1=" " tag="720">
      <subfield code="a">Marcos, Anna</subfield>
      <subfield code="e">author</subfield>
   </datafield>
   <datafield ind2=" " ind1=" " tag="720">
      <subfield code="a">Casaroli Marano, Ricardo Pedro</subfield>
      <subfield code="e">author</subfield>
   </datafield>
   <datafield ind2=" " ind1=" " tag="720">
      <subfield code="a">Reina del Pozo, Manuel</subfield>
      <subfield code="e">author</subfield>
   </datafield>
   <datafield ind2=" " ind1=" " tag="720">
      <subfield code="a">Vilaró, Senén, 1956-2005</subfield>
      <subfield code="e">author</subfield>
   </datafield>
   <datafield ind2=" " ind1=" " tag="260">
      <subfield code="c">2013-02-08T11:21:22Z</subfield>
   </datafield>
   <datafield ind2=" " ind1=" " tag="260">
      <subfield code="c">2013-02-08T11:21:22Z</subfield>
   </datafield>
   <datafield ind2=" " ind1=" " tag="260">
      <subfield code="c">2005-09</subfield>
   </datafield>
   <datafield ind2=" " ind1=" " tag="260">
      <subfield code="c">2013-02-08T11:21:22Z</subfield>
   </datafield>
   <datafield ind2=" " ind1=" " tag="520">
      <subfield code="a">La cicatrización de las heridas es un proceso complejo que implica diferentes fases que se solapan entre sí, incluyendo la inflamación, la epitelización, la angiognesis y la síntesis y deposición de matriz extracelular. Los fibroblastos dérmicos tienen una función esencial en la formación del tejido de granulación. Migran hasta la lesión en respuesta a citoquinas, proliferan y sintetizan las proteínas de la matriz extracelular, las cuales son la base del proceso de reparación futuro. Los oligoelementos tales como el zinc y el manganeso son necesarios para muchas funciones celulares y, por consiguiente, pueden potencialmente estimular los procesos de reparación de las heridas. En el presente estudio hemos investigado el efecto de un aposito que contiene zinc, calcio y manganeso (Trionic®) sobre la proliferación, el crecimiento, la síntesis de colágeno I y III y la migración de los fibroblastos. Los resultados obtenidos indican que los oligoelementos solubles presentes en Trionic® actúan estimulando la proliferación, el crecimiento, la biosíntesis de colágeno y la migración de los fibroblastos. Dada la participación crucial que estas funciones celulares tienen sobre el comportamiento de los fibroblastos durante el proceso de formación del tejido de granulación, concluimos que los iones Ca2+, Zn2+, y Mn2+ contenidos en Trionic® pueden proporcionar potenciales beneficios en el tratamiento de las heridas crónicas y durante la fase reparativa del proceso de cicatrización.</subfield>
   </datafield>
   <datafield tag="653" ind2=" " ind1=" ">
      <subfield code="a">Cicatrització</subfield>
   </datafield>
   <datafield tag="653" ind2=" " ind1=" ">
      <subfield code="a">Embenats</subfield>
   </datafield>
   <datafield tag="653" ind2=" " ind1=" ">
      <subfield code="a">Col·lagen</subfield>
   </datafield>
   <datafield tag="653" ind2=" " ind1=" ">
      <subfield code="a">Wound healing</subfield>
   </datafield>
   <datafield tag="653" ind2=" " ind1=" ">
      <subfield code="a">Bandages and bandaging</subfield>
   </datafield>
   <datafield tag="653" ind2=" " ind1=" ">
      <subfield code="a">Collagen</subfield>
   </datafield>
   <datafield ind2="0" ind1="0" tag="245">
      <subfield code="a">La función activadora de un apósito bioactivo con carga iónica sobre los fibroblastos humanos</subfield>
   </datafield>
</record></metadata></record></GetRecord></OAI-PMH>